1161 1593 1320 1385 1637 1142 1195 1766 1764 1455 1432 1616 1024 1505 1270 1007 1124 1327 1915 1542 1812 1674 1445 1498 1833 1949 1830 1184 1543 1105 1664 1244 1713 1233 1283 1179 1460 1100 1293 1112 1551 1390 1626 1234 1263 1983 1452 1716 1799 1793 1725 1175 1827 1089 1875 1245 1263 1807 1210 1058 1380 1400 1269 1999 1066 1149 1764 1977 1600 1710 1267 1900 1590 1420 1748 1273 1520 1961 1791 1857 1751 1648 1329 1104 1689 1404 1770 1486 1010 1159 1385 1886 1106 1694 1806 1753 1555 1071 1024 BCNSPRNW ULIB Ver.6.0+V

เปลี่ยนเป็นภาษาไทย

Change to English
 แสดงรายละเอียดบรรณานุกรม
  กลับหน้าหลัก

Brief Record : Get Marc (ISO 2709) : E-mail record : QR code < ปิดหน้าต่าง
LEADER : 00000nam 2200000uu 4500
001    13399110789
003     ULIB
008    110609s2552||||th 000 0 tha d
020    9789744141170
050  4 PE1128^bส867ก
100 0  สุรีรัตน์ ทองอินทร์
245 10 เก่ง tense! /^cสุรีรัตน์ ทองอินทร์
246 24 เก่ง tense! เรื่องกล้วย ๆ
250    พิมพ์ครั้งที่ 1
260    กรุงเทพฯ :^bบิสคิต,^c2552
300    131 หน้า :^bภาพประกอบสี ;^c21 ซม.
650  7 ภาษาอังกฤษ^xไวยากรณ์
650  7 ภาษาอังกฤษ^xการใช้ภาษา
945    ^p175^l0^i18268
995    กัณชพร
999    ^aใช้งานได้ทุกระบบ
รายการนี้ยังไม่มีแท็ก
คุณยังไม่ได้ล็อกอิน คุณสามารถมีกิจกรรมร่วมกับเว็บไซต์ได้ แต่ต้องล็อกอินก่อน ::
  ล็อกอิน

รายการสื่อสารสนเทศ

ลำดับที่ ประเภท เลขเรียก/บาร์โค้ด สถานที่ สถานะ
- ไม่พบข้อมูล -

รายการใกล้เคียง
    ผู้แต่ง [สุรีรัตน์ ทองอินทร์]

    หัวเรื่อง [ภาษาอังกฤษ การใช้ภาษา]

BibComment


ยังไม่เคยถูกคอมเมนท์

คอมเมนท์ทรัพยากรรายการนี้
  คอมเมนท์: เก่ง tense สุรีร..


 Copyright 2026. Bcnsprnw @Library